|
|
|
|
| LEADER |
01226nam a2200301 a 4500 |
| 001 |
13678296 |
| 008 |
101004r20112005 njua b 001 0 eng d |
| 010 |
|
|
|a 2004057647
|
| 020 |
|
|
|a 0131489062 (alk. paper)
|
| 020 |
|
|
|a 9788177589795
|
| 040 |
|
|
|a DLC
|c DLC
|d DLC
|d BD-DhAAL
|
| 082 |
0 |
0 |
|a 005.1/17
|2 22
|
| 999 |
|
|
|c 9643
|d 9643
|
| 999 |
|
|
|c 9643
|
| 100 |
1 |
|
|a Larman, Craig.
|9 1288
|
| 245 |
1 |
0 |
|a Applying UML and patterns :
|b an introduction to object-oriented analysis and design and iterative development /
|c Craig Larman.
|
| 250 |
|
|
|a 3rd ed.
|
| 260 |
|
|
|a Upper Saddle River, N.J. :
|b Prentice Hall PTR, ;
|a New Delhi :
|b Pearson Education,
|c c2005 [reprinted 2011].
|
| 300 |
|
|
|a xxv, 703 p. :
|b ill. ;
|c 26 cm.
|
| 504 |
|
|
|a Includes bibliographical references (p. 683-[688]) and index.
|
| 541 |
1 |
|
|e 00021248
|
| 650 |
|
0 |
|a Object-oriented methods (Computer science)
|9 1289
|
| 650 |
|
0 |
|a UML (Computer science)
|9 1290
|
| 650 |
|
0 |
|a System analysis.
|9 355
|
| 650 |
|
0 |
|a System design.
|9 354
|
| 852 |
4 |
|
|a Ayesha Abed Library
|j General shelf
|
| 942 |
|
|
|2 ddc
|c BK
|
| 952 |
|
|
|0 0
|1 0
|2 ddc
|4 0
|6 005_117000000000000_LAR
|7 0
|9 17145
|a BRACUL
|b BRACUL
|c GEN
|d 2011-06-07
|l 2
|m 1
|o 005.117 LAR
|p 3010021248
|r 2016-12-26
|s 2016-10-16
|t 1
|w 2011-06-07
|y BK
|